טוען...

Gopal Krishna Gokhale

מידע ביבליוגרפי
מחבר ראשי: Parvate T V
פורמט: Printed Book
יצא לאור: Ahmedabad: Navajivan publishing house.
נושאים:
LEADER 00419nam a22001214a 4500
082 |a 923.254 
100 |a  Parvate T V, 
260 |a Ahmedabad:  |b Navajivan publishing house. 
650 |a Gopal Krishna Gokhale 
245 |a Gopal Krishna Gokhale  |c by T V Parvate 
942 |c BK 
999 |c 247071  |d 247071 
952 |0 0  |1 0  |4 0  |6 923_254000000000000_PAR  |7 0  |8 G  |9 262424  |a HIS  |b HIS  |d 2020-01-04  |l 0  |o 923.254 PAR  |p HIS1654  |r 2020-01-04  |t 1  |w 2020-01-04  |y BK